Arcane 17 (Record no. 36150)
[ view plain ]
| 000 -LEADER | |
|---|---|
| campo de control de longitud fija | 00614nam a2200193 i 4500 |
| 001 - NÚMERO DE CONTROL | |
| campo de control | 36150 |
| 003 - IDENTIFICADOR DE NÚMERO DE CONTROL | |
| campo de control | ES-MaACL |
| 005 - FECHA Y HORA DE LA ÚLTIMA TRANSACCIÓN | |
| campo de control | 20260504130822.0 |
| 007 - CAMPO FIJO DE DESCRIPCIÓN FÍSICA--INFORMACIÓN GENERAL | |
| campo de control de longitud fija | t| |
| 008 - DATOS DE LONGITUD FIJA--INFORMACIÓN GENERAL | |
| campo de control de longitud fija | 030217s1972 sp ||||1| spa d |
| 100 ## - ENTRADA PRINCIPAL--NOMBRE DE PERSONA | |
| Nombre de persona | Breton, André, |
| Fechas asociadas al nombre | 1896-1966 |
| 9 (RLIN) | 239133 |
| 245 10 - MENCIÓN DEL TÍTULO | |
| Título | Arcane 17 |
| Resto del título | : Seguido de Ajours y Luz negra / |
| Mención de responsabilidad, etc. | André Breton ; versión Ramón Mayrata y Carlos Wert. |
| 260 ## - PUBLICACIÓN, DISTRIBUCIÓN, ETC. | |
| Lugar de publicación, distribución, etc. | [Madrid] : |
| Nombre del editor, distribuidor, etc. | Al-Borak, |
| Fecha de publicación, distribución, etc. | [1972] |
| 300 ## - DESCRIPCIÓN FÍSICA | |
| Extensión | 151 p. ; |
| Dimensiones | 21 cm. |
| 700 1# - ENTRADA AGREGADA--NOMBRE PERSONAL | |
| Nombre de persona | Mayrata, Ramón. |
| 9 (RLIN) | 79442 |
| 700 1# - ENTRADA AGREGADA--NOMBRE PERSONAL | |
| Nombre de persona | Wert, Carlos. |
| 9 (RLIN) | 116516 |
| 852 ## - LOCALIZACIÓN | |
| Ubicación | ES-MaACL |
| Número de control de estantería | C-45249 |
| Sublocalización o colección | R.83493 |
| Estatus retirado | Estado de pérdida | Estado de daño | No para préstamo | Biblioteca de origen | Biblioteca actual | Ubicación en estantería | Fecha de adquisición | Fuente de adquisición | Total de préstamos | Signatura topográfica completa | Código de barras | Visto por última vez | Precio de reemplazo | Tipo de ítem Koha |
|---|---|---|---|---|---|---|---|---|---|---|---|---|---|---|
| Biblioteca del Ateneo de Madrid | Biblioteca del Ateneo de Madrid | Depósito 2 | 17/01/2008 | C-45249 | 1037942 | 23/02/2023 | 23/02/2023 | Libro impreso |
